Data Science & Exploration in AI

Guardat en:
Dades bibliogràfiques
Autor principal: Various
Format: Llibre
Publicat: Tand F
Matèries:
AI
Etiquetes: Afegir etiqueta
Sense etiquetes, Sigues el primer a etiquetar aquest registre!

MARC

LEADER 00000nam a2200000Ia 4500
005 20260427112653.0
526 |b Data Science 
100 |a Various 
020 |a 9781032737393 
650 |a AI 
526 |a Bachelors 
942 |c BK 
245 |a Data Science & Exploration in AI 
260 |b Tand F 
999 |c 40  |d 40 
952 |0 0  |1 0  |4 0  |7 0  |8 2  |a BRISTOL  |b BRISTOL  |d 2026-04-22  |l 0  |p 000061  |r 2026-04-27 11:26:53  |w 2026-04-27  |y BK